French touch #1 - Statistiques

Statistiques générales
  • Ce quiz a été pris 13 fois
  • Le résultat moyen est 7 sur 15
Statistiques - réponses
Hint Réponse % Correct
Les robots "autour du monde" Daft Punk
89%
Label parisien pionnier du genre EdBanger
67%
Tous leurs albums ont une croix comme élément principal Justice
67%
"Encore une fois" One More Time
67%
Chanteur sur Get Lucky Pharrell Williams
67%
Il renaît de ses cendres Phoenix
56%
On le respire et ils font des albums Air
44%
Baby I'm Yours Breakbot & Irfane
44%
Zombie avec sa fameuse Testarossa Kavinsky
44%
Featured sur Fragments of Time Todd Edwards
44%
Lycée où Daft Punk se sont rencontrés Carnot
33%
Quentin Dupieux Monsieur Oizo
33%
Il fait les musiques de défilés de Saint Laurent SebastiAn
33%
Artiste américain ayant collaboré avec 4 artistes issus de la french touch The Weeknd
33%
Masquotte connue de l'artiste précédent Flat Eric
22%
Aucun quiz correspondant
Distribution des résultats
% des personnes avec chaque résultat
Percentile par nombre de réponses
Votre historique - résultats
Vous n’avez pas pris ce quiz